Memoria de Investigación 2006
Furkejuvvon:
| Váldodahkki: | |
|---|---|
| Searvvušdahkki: | |
| Materiálatiipa: | Girji |
| Giella: | espánnjágiella |
| Almmustuhtton: |
Santiago
Dirección de Investigación Universidad Metropolitana de Ciencias de la Educación
2007
|
| Fáttát: | |
| Fáddágilkorat: |
Lasit fáddágilkoriid
Eai fáddágilkorat, Lasit vuosttaš fáddágilkora!
|
MARC
| LEADER | 00000nam a2200000 a 4500 | ||
|---|---|---|---|
| 001 | UCH9833 | ||
| 003 | CL-VaPUC | ||
| 008 | 100121e20070300CL |||||||||||||||||spa|d | ||
| 082 | 0 | 4 | |a 378.83 |b BRA |2 21 |
| 100 | 0 | |a Bravo Acevedo, Guillermo |e author |9 547157 | |
| 110 | 2 | |a Universidad Metropolitana de Ciencias de la Educación |e author |9 547158 | |
| 245 | 1 | 0 | |a Memoria de Investigación 2006 |
| 300 | |a 103 p | ||
| 942 | |c BK | ||
| 945 | |d 20100121 00:00:00 |a dcastane | ||
| 260 | |a Santiago |b Dirección de Investigación Universidad Metropolitana de Ciencias de la Educación |c 2007 | ||
| 650 | 0 | |a Universidades |9 256317 | |
| 650 | 0 | |a Educación superior |9 223851 | |
| 650 | 0 | |a Investigación científica |9 259857 | |
| 583 | |a last modification |c 20100121 00:00:00 |k Rodrigo Vera | ||
| 999 | |c 339720 |d 339718 | ||
| 952 | |0 0 |1 0 |4 0 |6 378_830000000000000_BRA_2007 |7 0 |8 P |9 433523 |a BIBEDU |b BIBEDU |c BIBEDU_PB |d 2019-11-22 |i 4638050 |o 378.83 BRA 2007 |p 4638050 |r 2019-11-22 |w 2019-11-22 |y BK |k BME | ||